Statistics for Maryland Counties Quiz

Click here to take the quiz!

General Stats

  • This quiz has been taken 1,864 times
  • The average score is 16 of 24

Answer Stats

County % Correct
Baltimore City
96%
Baltimore
96%
Prince George's
81%
Montgomery
81%
Anne Arundel
79%
Washington
75%
Frederick
74%
Howard
71%
Carroll
69%
Saint Mary's
63%
Allegany
63%
Garrett
63%
Harford
62%
Cecil
62%
Queen Anne's
62%
Calvert
59%
Charles
57%
Wicomico
57%
Worcester
56%
Dorchester
56%
Kent
53%
Talbot
52%
Somerset
50%
Caroline
49%

Score Distribution

Percentile by Number Answered

Percent of People with Each Score

Your Score History

You have not taken this quiz